<?xml version="1.0" encoding="UTF-8"?>
<marc:record xmlns:marc="http://www.loc.gov/MARC21/slim">
   <marc:leader>00000nam a2200000 a 4500</marc:leader>
   <marc:datafield ind1="0" ind2="0" tag="245">
      <marc:subfield code="a">Complectens Libros De Anima, Et Metaphysicam</marc:subfield>
   </marc:datafield>
   <marc:datafield ind1=" " ind2="1" tag="264">
      <marc:subfield code="c">1663</marc:subfield>
   </marc:datafield>
   <marc:datafield ind1=" " ind2=" " tag="250">
      <marc:subfield code="a">Tertia Editio, Ab Authore aucta, &amp; a pluribus, quibus scatebat, mendis expurgata, [Bindeeinheit]</marc:subfield>
   </marc:datafield>
   <marc:datafield ind1="1" ind2=" " tag="520">
      <marc:subfield code="a">Druckermarke (Holzschn.) am Titelbl. http://zentralbibliothek.kapuziner.at/kupferstiche/provinzbibliothek/provinzbibliothek_2395.jpg, Zierkupferstiche, Zierinitialen und Verzierungen im Text, Schweinsledereinband auf Buchdeckeln aus Holz, Leder der Buchdeckel mit Streicheisenlinien, fleuralen Bordüren und Emblem "IHS" in Blindprägung verziert, Buchrücken mit 5 doppelten Bünden und Titelschild "DE OVIEDO || PHILOSOPHIA.", rot gesprenkelte Schnittkante, 2 geschwungene Messingschließen mit Lederscharnieren.</marc:subfield>
   </marc:datafield>
   <marc:datafield ind1="0" ind2=" " tag="490">
      <marc:subfield code="v">2.</marc:subfield>
   </marc:datafield>
   <marc:datafield ind1=" " ind2=" " tag="300">
      <marc:subfield code="a">367, [1] S., [14] Bl. : Ill.</marc:subfield>
   </marc:datafield>
</marc:record>
